[Event "Penang op 15th"]
[Site "Penang"]
[Date "2023.12.20"]
[Round "5"]
[White "Hasnul, Hashim"]
[Black "Aryan, Mehta1"]
[Result "0-1"]
[WhiteElo "1454"]
[BlackElo "1377"]
[PlyCount "104"]
[EventDate "2023.12.18"]
[EventType "swiss"]
[EventRounds "9"]
[EventCountry "MAS"]
[SourceTitle "CB52_2023"]
[SourceDate "2023.12.27"]
[SourceVersion "1"]
[SourceVersionDate "2023.12.27"]
[SourceQuality "1"]

1. e4 c6 2. d4 d5 3. exd5 cxd5 4. Bd3 Nc6 5. c3 Nf6 6. h3 g6 7. Nf3 Bg7 8. 0-0 0-0 9. Re1 e6 10. Bf4 Re8 11. Nbd2 a6 12. Ne5 Nxe5 13. Bxe5 b6 14. f4 Bb7 15. Qf3 Nd7 16. Bxg7 Kxg7 17. g4 Qh4 18. Qg2 Qf6 19. Rf1 b5 20. a3 Nb6 21. Rae1 Rac8 22. Nf3 Nc4 23. h4 Rc7 24. f5 Qd8 25. fxg6 hxg6 26. Re2 e5 27. dxe5 d4 28. Qf2 Bxf3 29. Qxf3 Re6 30. Bxc4 bxc4 31. cxd4 Qxd4+ 32. Kg2 c3 33. bxc3 Qxc3 34. Re3 Qc6 35. Rd1 Qe8 36. Qf4 Rc2+ 37. Kg3 Qc6 38. Qf3 Qc7 39. Kh3 Rxe5 40. Rxe5 Qxe5 41. Qg3 Qxg3+ 42. Kxg3 Rc3+ 43. Kf4 Rxa3 44. Rd6 a5 45. Ra6 a4 46. h5 gxh5 47. gxh5 Ra1 48. Ra7 a3 49. Kf3 a2 50. Kg2 Kh6 51. Ra5 f5 52. Kh2 f4 0-1

[Event "Penang op 15th"]
[Site "Penang"]
[Date "2023.12.19"]
[Round "4"]
[White "Young, Micah"]
[Black "Hasnul, Hashim"]
[Result "1-0"]
[WhiteElo "1883"]
[BlackElo "1454"]
[PlyCount "73"]
[EventDate "2023.12.18"]
[EventType "swiss"]
[EventRounds "9"]
[EventCountry "MAS"]
[SourceTitle "CB52_2023"]
[SourceDate "2023.12.27"]
[SourceVersion "1"]
[SourceVersionDate "2023.12.27"]
[SourceQuality "1"]

1. e4 c6 2. d4 d5 3. e5 c5 4. Nf3 cxd4 5. Qxd4 Nc6 6. Qf4 e6 7. Bd3 Nb4 8. 0-0 Nxd3 9. cxd3 Qc7 10. Nc3 Bd7 11. Be3 f6 12. Rac1 Qd8 13. exf6 Nxf6 14. Qe5 Be7 15. Ng5 Qb8 16. Qxb8+ Rxb8 17. Bxa7 Ra8 18. Bd4 0-0 19. Rfe1 Ra6 20. a3 b5 21. Nf3 Rb8 22. Na2 b4 23. Nxb4 Bxb4 24. axb4 Rxb4 25. Ra1 Rba4 26. Rxa4 Rxa4 27. h3 h6 28. Rc1 Ne8 29. Rc3 Kh7 30. Rb3 Nd6 31. Rb6 Nb5 32. Be5 Ra7 33. Nd2 Nc7 34. b4 g5 35. Nb3 Ra3 36. Nc5 Ba4 37. Nxa4 1-0

[Event "Penang op-A 14th"]
[Site "Penang"]
[Date "2022.12.23"]
[Round "8"]
[White "Volkov, Petr An"]
[Black "Hasnul, Hashim"]
[Result "1/2-1/2"]
[WhiteElo "1223"]
[BlackElo "1531"]
[PlyCount "59"]
[EventDate "2022.12.19"]
[EventType "swiss"]
[EventRounds "9"]
[EventCountry "MAS"]
[SourceTitle "CBM 211 Extra"]
[Source "ChessBase"]
[SourceDate "2023.01.31"]
[SourceVersion "1"]
[SourceVersionDate "2023.01.31"]
[SourceQuality "1"]

1. e4 c6 2. d4 d5 3. exd5 cxd5 4. Nc3 Nc6 5. h3 Nf6 6. Nf3 g6 7. Be2 Bg7 8. 0-0 0-0 9. Be3 Bf5 10. Nh4 Bd7 11. Nf3 a6 12. a4 Qc7 13. Qd2 Rfe8 14. Bf4 Qb6 15. Rad1 Rad8 16. b3 Bc8 17. Ne5 Nb4 18. Nb5 Nc6 19. Nc4 dxc4 20. Bc7 Rxd4 21. Bxb6 Rxd2 22. Rxd2 Ne4 23. Rd4 Nxd4 24. Nxd4 cxb3 25. cxb3 e5 26. Nf3 Be6 27. Bc4 Bxc4 28. bxc4 Nc3 29. a5 Re7 30. Re1 1/2-1/2

[Event "Penang op-A 14th"]
[Site "Penang"]
[Date "2022.12.22"]
[Round "6"]
[White "Theofilus, Kevin"]
[Black "Hasnul, Hashim"]
[Result "1-0"]
[WhiteElo "1329"]
[BlackElo "1531"]
[PlyCount "59"]
[EventDate "2022.12.19"]
[EventType "swiss"]
[EventRounds "9"]
[EventCountry "MAS"]
[SourceTitle "CBM 211 Extra"]
[Source "ChessBase"]
[SourceDate "2023.01.31"]
[SourceVersion "1"]
[SourceVersionDate "2023.01.31"]
[SourceQuality "1"]

1. d4 d5 2. Bf4 c5 3. e3 Nc6 4. Nf3 Nf6 5. c3 e6 6. Nbd2 Bd6 7. Bg3 0-0 8. Bd3 Re8 9. Ne5 Ne7 10. f4 cxd4 11. exd4 Rf8 12. 0-0 Nf5 13. Qf3 Be7 14. Bf2 Nd6 15. g4 Bd7 16. Rae1 Bb5 17. c4 dxc4 18. Ndxc4 Nxc4 19. Nxc4 Qd5 20. Qh3 Bc6 21. Be3 Bb4 22. Rc1 g6 23. Ne5 Rac8 24. f5 Bd6 25. Nxc6 bxc6 26. g5 Nh5 27. Bc4 Qe4 28. fxe6 Kg7 29. exf7 Bf4 30. Rce1 1-0

[Event "Penang op-A 14th"]
[Site "Penang"]
[Date "2022.12.21"]
[Round "5"]
[White "Hasnul, Hashim"]
[Black "Yong, Je Pin Ian"]
[Result "1/2-1/2"]
[WhiteElo "1531"]
[BlackElo "1263"]
[PlyCount "65"]
[EventDate "2022.12.19"]
[EventType "swiss"]
[EventRounds "9"]
[EventCountry "MAS"]
[SourceTitle "CBM 211 Extra"]
[Source "ChessBase"]
[SourceDate "2023.01.31"]
[SourceVersion "1"]
[SourceVersionDate "2023.01.31"]
[SourceQuality "1"]

1. e4 c5 2. Nf3 d6 3. d4 cxd4 4. Nxd4 Nf6 5. Nc3 a6 6. h3 e5 7. Nde2 Be7 8. Be3 Nc6 9. g4 Be6 10. Bg2 Rc8 11. 0-0 0-0 12. f4 Bc4 13. Re1 Nd7 14. Nd5 Bh4 15. Rf1 Re8 16. b3 Bxe2 17. Qxe2 Ne7 18. Qd2 Ng6 19. f5 Nf4 20. Nxf4 exf4 21. Bxf4 Qb6+ 22. Kh1 Re7 23. g5 Rce8 24. Bf3 Ne5 25. Qg2 Nxf3 26. Qxf3 f6 27. Qh5 Bxg5 28. Bxg5 fxg5 29. f6 gxf6 30. Rxf6 Qd4 31. Raf1 Qxe4+ 32. Qf3 Qxf3+ 33. R1xf3 1/2-1/2

[Event "Penang op-A 14th"]
[Site "Penang"]
[Date "2022.12.20"]
[Round "3"]
[White "Hasnul, Hashim"]
[Black "M Mohd Nur, Megat Muhd Irfan"]
[Result "0-1"]
[WhiteElo "1531"]
[BlackElo "1586"]
[PlyCount "108"]
[EventDate "2022.12.19"]
[EventType "swiss"]
[EventRounds "9"]
[EventCountry "MAS"]
[SourceTitle "CBM 211 Extra"]
[Source "ChessBase"]
[SourceDate "2023.01.31"]
[SourceVersion "1"]
[SourceVersionDate "2023.01.31"]
[SourceQuality "1"]

1. e4 c6 2. d4 d5 3. e5 Bf5 4. h4 h5 5. Bd3 Bxd3 6. Qxd3 e6 7. Bg5 Qb6 8. Nc3 c5 9. Nge2 Nc6 10. 0-0 cxd4 11. Na4 Qa5 12. b3 Nxe5 13. Qxd4 Nc6 14. Qd3 Be7 15. Bxe7 Ngxe7 16. g3 Rc8 17. a3 Qc7 18. Rac1 0-0 19. Nf4 g6 20. Nb2 Nf5 21. Ng2 Ne5 22. Qd1 b5 23. Nd3 Nxd3 24. Qxd3 a6 25. Ne3 Nxe3 26. Qxe3 Qc5 27. Qh6 Qxa3 28. Ra1 Qd6 29. Ra2 Rc6 30. Rfa1 Rfc8 31. Qg5 Qd8 32. Qf4 Qc7 33. Qg5 Rxc2 34. Rxa6 Rc1+ 35. Kg2 Rxa1 36. Rxa1 Qc2 37. Re1 Qf5 38. Qe7 Rc2 39. Rf1 Kh7 40. Qb7 d4 41. Qf3 Qxf3+ 42. Kxf3 Rc3+ 43. Ke4 Rxb3 44. Kxd4 Kg7 45. Rc1 Rf3 46. Rb1 Rxf2 47. Ke3 Rf5 48. Rb4 Rc5 49. Rb1 Kf6 50. Rf1+ Ke7 51. Rb1 f5 52. Kd4 Kd6 53. Ra1 e5+ 54. Kd3 b4 0-1

[Event "Penang op 11th"]
[Site "Penang"]
[Date "2019.12.13"]
[Round "8"]
[White "Ang, Jing Xuan"]
[Black "Hasnul, Hashim"]
[Result "1-0"]
[WhiteElo "1610"]
[BlackElo "1398"]
[PlyCount "33"]
[EventDate "2019.12.09"]
[EventType "swiss"]
[EventRounds "9"]
[EventCountry "MAS"]
[SourceTitle "CBM 193 Extra"]
[Source "ChessBase"]
[SourceDate "2020.01.31"]
[SourceVersion "1"]
[SourceVersionDate "2020.01.31"]
[SourceQuality "1"]

1. e4 c5 2. Nf3 Nc6 3. Bb5 g6 4. 0-0 Bg7 5. Re1 Nf6 6. e5 Nd5 7. Nc3 Nc7 8. Bxc6 dxc6 9. Ne4 Ne6 10. d3 0-0 11. Be3 Qa5 12. Qc1 Nd4 13. Nxd4 cxd4 14. Bxd4 Bxe5 15. Qh6 f6 16. Ng5 Bxh2+ 17. Qxh2 1-0